| 000 | 00361nam a2200133Ia 4500 | ||
|---|---|---|---|
| 008 | 240624s9999 xx 000 0 und d | ||
| 041 | _aeng | ||
| 082 | _a658.4 ADA | ||
| 100 | _aADAMSON ALLEN | ||
| 245 | _aSHIFT AHEAD HOW THE BEST COMPANIES STAY | ||
| 260 |
_c2018 _aNew York _bAMERICAN MANAGEMENT ASSOCIATION |
||
| 300 | _axi, 276P. ; 22cm. | ||
| 365 |
_c _b33 |
||
| 999 |
_c32744 _d32744 |
||